Jacksonville City Trivia - Statistics

General Stats
  • This quiz has been taken 84 times
    71 since last reset
  • The average score is 8 of 17
Answer Stats
Clue Answer % Correct
NFL team of Jacksonville Jaguars
95%
Jacksonville is named for this famous American war general {Andrew} Jackson
89%
County Jacksonville is in Duval
79%
Code of Jacksonville's main airport JAX
68%
Longest river in Florida—flows through Jacksonville St. Johns River
63%
Disaster that destroyed 146 blocks of the city in 1901 Great Fire
61%
Band created in Jacksonville that recorded the song "Sweet Home Alabama" Lynyrd Skynyrd
53%
Cable-stayed bridge in Jacksonville {Dames} Point
37%
Largest and tallest fountain in the world when it first opened {Friendship} Fountain
37%
Name one of the four US cities larger than Jacksonville by area(they're all in the same state) Sitka; Juneau;Wrangell; Anchorage
37%
What Jacksonville was originally called (hint: farm) {Cow}ford
34%
Built in 1927, it is one of the few remaining movie palaces in Florida {Florida} Theatre
32%
Fortune 500 freight train company based in Jacksonville CSX
26%
Attempted French fort that was sacked by the Spanish in 1565 Fort {Caroline}
21%
Oldest public park in Jacksonville, previously called Hemming Park James Weldon {Johnson}
21%
Most famous film by Jacksonville born Merian C. Cooper King Kong
5%
The Jacksonville City Hall is at this building designed by Henry John Klutho St. {James} Building
3%
No matching quizzes found
Score Distribution
Percent of People with Each Score
Percentile by Number Answered
Your Score History
You have not taken this quiz since the last reset